MARC

LEADER 00000nam0a2200000 4500
001 120512
005 20231031125035.0
035 |a (RuTPU)RU\TPU\book\130494 
090 |a 120512 
100 |a 20070830d1969 km y0rusy50 ca 
101 0 |a rus 
102 |a RU 
105 |a a z 001zy 
200 1 |a Мышьяк  |f В. Г. Рцхиладзе 
210 |a Москва  |c Металлургия  |d 1969 
215 |a 187 с.  |c ил. 
320 |a Библиогр.: с. 176-187. 
610 1 |a мышьяк 
610 1 |a физико-химические свойства 
610 1 |a соединение 
610 1 |a применение 
610 1 |a металлургия 
610 1 |a взаимодействие 
610 1 |a производство 
610 1 |a неорганические соединения 
610 1 |a органические соединения 
610 1 |a удаление 
610 1 |a методы определения 
675 |a 621.7м77/78  |v 3 
700 1 |a Рцхиладзе  |b В. Г.  |g Василий Георгиевич 
801 1 |a RU  |b 63413507  |c 20070830  |g PSBO 
801 2 |a RU  |b 63413507  |c 20081006  |g PSBO 
942 |c BK